000 00642nam a2200217Ia 4500
005 20220215145145.0
008 210716s2008 xx 000 0 und d
020 _a9788120334434
040 _cAIMIT LIBRARY
041 _aeng
082 _a658.3
_211
_bDESG
100 _aDessler, Gary.
_919979
245 _aHuman resource management :
_cBy Gary Dessler.
250 _a11th ed.
260 _aNew Delhi :
_bPHI Learning Pvt Ltd ;
_c2009.
300 _axxvi, 801p ;
_c27.5cm.
650 _aTraining and development
_919980
650 _aCompensation
_919981
650 _aEmployee relations
_919982
942 _2ddc
_cBK
_e11th
_k658.3 DESG
999 _c204170
_d204170